De la part des peuples sémitiques dàns l'histoire de la civilisation (Record no. 163257)

MARC details
000 -LEADER
campo de control de longitud fija 00873nam a22002295i 4500
001 - NÚMERO DE CONTROL
campo de control 163257
003 - IDENTIFICADOR DE NÚMERO DE CONTROL
campo de control ES-MaACL
005 - FECHA Y HORA DE LA ÚLTIMA TRANSACCIÓN
campo de control 20250703063118.0
008 - DATOS DE LONGITUD FIJA--INFORMACIÓN GENERAL
campo de control de longitud fija 990901s1862 fr |||| | fre d
040 ## - FUENTE DE CATALOGACIÓN
Centro catalogador/agencia de origen CLM
Lengua de catalogación spa
Centro/agencia transcriptor CLM
100 1# - ENTRADA PRINCIPAL--NOMBRE DE PERSONA
Nombre de persona Renan, Ernest,
Fechas asociadas al nombre 1823-1892
9 (RLIN) 96168
245 10 - MENCIÓN DEL TÍTULO
Título De la part des peuples sémitiques dàns l'histoire de la civilisation
Resto del título : discours d'ouverture du cours de langues hébraïque, chaldaïque et syriaque au collége de France /
Mención de responsabilidad, etc. par M. Ernest Renan ...
250 ## - MENCION DE EDICION
Mención de edición Sixième edition.
260 ## - PUBLICACIÓN, DISTRIBUCIÓN, ETC.
Lugar de publicación, distribución, etc. Paris :
Nombre del editor, distribuidor, etc. Michel Lévy Frères ... :
-- imp. de L. Tinterlin ...,
Fecha de publicación, distribución, etc. 1862.
300 ## - DESCRIPCIÓN FÍSICA
Extensión VI, 7-30 p. ;
Dimensiones 23 cm.
596 ## - NOTA AL PIE DE IMPRENTA
NOTA AL PIE DE IMPRENTA Colofón.
597 ## - NOTA DE DESCRIPCIÓN FÍSICA
NOTA DE DESCRIPCIÓN FÍSICA Antep.
597 ## - NOTA DE DESCRIPCIÓN FÍSICA
NOTA DE DESCRIPCIÓN FÍSICA Port. con esc. xil.
650 #4 - PUNTO DE ACCESO ADICIONAL DE MATERIA--TÉRMINO DE MATERIA
Término de materia o nombre geográfico como elemento de entrada Pueblos semíticos-
Subdivisión general Historia.
9 (RLIN) 136786
852 ## - LOCALIZACIÓN
Ubicación ES-MaACL
Número de control de estantería F-9174 (2)
Nota libre -- Enc. pasta
Holdings
Estatus retirado Estado de pérdida Estado de daño No para préstamo Colección Biblioteca de origen Biblioteca actual Ubicación en estantería Fecha de adquisición Fuente de adquisición Total de préstamos Signatura topográfica completa Código de barras Visto por última vez Precio de reemplazo Tipo de ítem Koha
        Libros del s. XIX Biblioteca del Ateneo de Madrid Biblioteca del Ateneo de Madrid Sala Pecera Planta 2 17/01/2008     F-9174 (2) 1171077 23/02/2023 23/02/2023 Libro impreso antiguo